Statistics for F1 Points Scored by Nation (2011-2020)

Click here to take the quiz!

General Stats

  • This quiz has been taken 75 times
  • The average score is 18 of 22

Answer Stats

HintAnswer% Correct
France
98%
Germany
98%
Great Britain
98%
Spain
98%
2011Australia
94%
Brazil
94%
Canada
94%
Netherlands
94%
Finland
92%
Italy
91%
Japan
91%
Mexico
89%
Russia
88%
Monaco
82%
Denmark
78%
Poland
75%
Belgium
66%
Sweden
66%
Venezuela
60%
Thailand
54%
New Zealand
48%
Switzerland
46%

Score Distribution

Percentile by Number Answered

Percent of People with Each Score

Your Score History

You have not taken this quiz